Načítá se...

The Age of Shiva

Podrobná bibliografie
Hlavní autor: Suri,Manil
Médium: Printed Book
Vydáno: Great Britain Bloomsbury Publishing 2008
LEADER 00391nam a22001337a 4500
999 |c 292153  |d 292153 
020 |a 9780747592112 
082 |a 8A3 SUR-A 
100 |a Suri,Manil 
245 |a The Age of Shiva 
260 |a Great Britain  |b Bloomsbury Publishing  |c 2008 
300 |a 453p 
942 |c BK 
952 |0 0  |1 0  |4 0  |6 8A3_SURA  |7 0  |9 310877  |a ENG  |b ENG  |d 2020-06-17  |l 0  |o 8A3 SUR-A  |p ENG13099  |r 2020-06-17  |w 2020-06-17  |y BK